The progress of hydrology (Record no. 27036)

000 -LEADER
fixed length control field 00661nam a2200193 4500
001 - CONTROL NUMBER
control field 27036
003 - CONTROL NUMBER IDENTIFIER
control field BD-DhUET
008 - FIXED-LENGTH DATA ELEMENTS--GENERAL INFORMATION
fixed length control field 720712s1969 ilua b 100 0 eng
040 ## - CATALOGING SOURCE
Original cataloging agency DLC
Transcribing agency DLC
Modifying agency BD-DhUET
082 00 - DEWEY DECIMAL CLASSIFICATION NUMBER
Classification number 551.4962
Item number INT/1969
111 ## - MAIN ENTRY--MEETING NAME
Meeting name or jurisdiction name as entry element International Seminar for Professor
Location of meeting University of Illinois
Date of meeting 25/07/1969
245 14 - TITLE STATEMENT
Title The progress of hydrology
Remainder of title a National Science Foundation advanced science seminar
260 ## - PUBLICATION, DISTRIBUTION, ETC. (IMPRINT)
Place of publication, distribution, etc. Urbana
Name of publisher, distributor, etc. Dept. of Civil Engineering, University of Illinois at Urbana-Champaign
Date of publication, distribution, etc. 1969
300 ## - PHYSICAL DESCRIPTION
Extent iii, 1295 p.
Other physical details illus.
Dimensions 23 cm.
500 ## - GENERAL NOTE
General note VOL. III
504 ## - BIBLIOGRAPHY, ETC. NOTE
Bibliography, etc Includes bibliographies
650 #0 - SUBJECT ADDED ENTRY--TOPICAL TERM
Topical term or geographic name as entry element Hydrology
942 ## - ADDED ENTRY ELEMENTS (KOHA)
Koha item type Proceedings
Holdings
Koha normalized classification for sorting Source of classification or shelving scheme Price effective from Koha date last seen Copy number Location (home branch) Sublocation or collection (holding branch) Koha full call number Not for loan Withdrawn status Date acquired Lost status Damaged status Shelving location Koha item type Piece designation (barcode)
551_496200000000000_INT_1969 2015-06-012015-06-011Central Library, BUETCentral Library, BUET551.4962/INT/1969  2015-06-01  Circulation sectionProceedings36953